Normal view
MARC view
- Monmouth's Rebellion, 1685
Entry Topical Term
001 - CONTROL NUMBER
- control field: 11737
003 - CONTROL NUMBER IDENTIFIER
- control field: NUST
005 - DATE AND TIME OF LATEST TRANSACTION
- control field: 20180717052402.0
008 - FIXED-LENGTH DATA ELEMENTS
- fixed length control field: 180717|| aca||aabn | a|a d
040 ## - CATALOGING SOURCE
- Original cataloging agency: NUST
- Transcribing agency: NUST
150 ## - HEADING--TOPICAL TERM
- Topical term or geographic name entry element: Monmouth's Rebellion, 1685
- General subdivision: Fiction.
670 ## - SOURCE DATA FOUND
- Source citation: Work cat.: (NUST)173192: Blackmore, R. D. (Richard Doddridge), 1825-1900. 11736, Lorna Doone:, 1874.
